LEADER 01583nam0 2200361 i 450 001 BVEE013587 005 20170908093158.0 012 $auem- r-t- a-ge isst (3) 1571 (R)$2fei 100 $a20120111d1571 ||||0itac50 ba 101 | $aita 102 $ait 181 1$6z01$ai $bxxxe 182 1$6z01$an 200 1 $aDella disciplina militare di mons. di Langè, libri 3. Tradotti dalla lingua francese nella italiana da Mambrino Roseo 210 $aIn Venetia$cappresso gli heredi di Gio. Maria Bonelli$d1571$e In Venetia$gappresso gli heredi di Giouan Maria Bonelli$h1571 215 $a\12!, 223, \1! c.$d8º 300 $aMarca (V292) sul front 300 $aCors. ; rom 300 $aSegn.: \ast!⁸2\ast!⁴A-2E⁸ 300 $aIniziali xil. 316 $av. 1$5IT-NA0075, A 24 0020 500 10$aDiscipline militaire$3BVEE013588$9BVEV022342$91479556 700 1$aDu Bellay$b, Guillaume$f <1491-1543>$3BVEV022342$4070$0743567 702 1$aRoseo$b, Mambrino$f <1544-1571fl.>$3SBLV310948 712 02$aBonelli, Giovanni Maria$c eredi$3BVEV018172$4650 801 3$aIT$bIT-NA0079$c20120111 850 $aIT-NA0075 912 $aBVEE013587 921 $aBVEM000226$bIn cornice figurata. Minerva che cavalca un leone. Motto: Virtuti omnia parent$cV292$dSul front. 950 0$aBiblioteca statale oratoriana dei Girolamini$c1 v.$d GEA 24 0020$e GE 0000000245 H v. 1$fN $i20120111 977 $a GE 996 $aDiscipline militaire$91479556 997 $aUNISANNIO LEADER 02748nam 2200733 450 001 9910425156203321 005 20230621140357.0 010 $a3-0352-9601-4 010 $a3-0352-6420-1 035 $a(CKB)3710000000202508 035 $a(EBL)1753109 035 $a(SSID)ssj0001339984 035 $a(PQKBManifestationID)11833027 035 $a(PQKBTitleCode)TC0001339984 035 $a(PQKBWorkID)11355799 035 $a(PQKB)10898754 035 $a(MiAaPQ)EBC1753109 035 $a(oapen)https://directory.doabooks.org/handle/20.500.12854/33243 035 $a(PPN)229194435 035 $a(EXLCZ)993710000000202508 100 $a20140812h20142014 uy 0 101 0 $afre 135 $aur|n#|||||||| 181 $ctxt$2rdacontent 182 $cc$2rdamedia 183 $acr$2rdacarrier 200 00$aConcilier de?mocratie et diversite? $eessais de the?orie politique /$fBernard Gagnon et Jackie F. Steele, directeur 210 $aBern$cPeter Lang International Academic Publishing Group$d2014 210 1$aBrussels, Belgium :$cPeter Lang,$d2014. 210 4$d2014 215 $a1 online resource (223 pages) $cdigital file(s) 225 1 $aDiversitas ;$vNumber 17 311 08$aPrint version (paperback): 9782875741608 2875741608 330 $aDemocratie et diversite sont-elles conciliables ? Et, si oui, a quelles conditions ? Selon un discours dominant, le modele liberal, pluraliste et multiculturel serait le seul veritablement en mesure de repondre a ce defi. Mais le prix a payer serait un renoncement a l'ideal republicain du bien commun et a l'idee d'une communaute de citoyens qui s'autogouvernent. Les auteurs de ce livre, qu'ils s'inscrivent dans les courants republicain, liberal ou radical, ne partagent pas ce constat. La conciliation entre democratie et diversite n'a pas le liberalisme multiculturel comme seul horizon. Au cont. 410 0$aDiversitas ;$vNumber 17. 606 $aDemocracy 606 $aDiversity 606 $aGlobalization 610 $aConcilier 610 $admocratie 610 $aDiffrence 610 $adiversit 610 $aEssais 610 $aGagnon 610 $aLibralisme 610 $aMulticulturalisme 610 $apolitique 610 $aRpublicanisme 610 $athorie 615 0$aDemocracy. 615 0$aDiversity. 615 0$aGlobalization. 676 $a321.8 700 $aGagnon$b Bernard$4edt$01355549 702 $aGagnon$b Bernard 702 $aSteele$b Jackie F. 801 0$bMiAaPQ 801 1$bMiAaPQ 801 2$bMiAaPQ 801 2$bUkMaJRU 906 $aBOOK 912 $a9910425156203321 996 $aConcilier de?mocratie et diversite?$93359676 997 $aUNINA